The personal history of David Copperfield (Record no. 53380)

MARC details
000 -LEADER
fixed length control field 00535nam a2200145 a 4500
008 - FIXED-LENGTH DATA ELEMENTS--GENERAL INFORMATION
fixed length control field 120416s1966 ||||||||||||||||| || u
050 ## - LIBRARY OF CONGRESS CALL NUMBER
Classification number PR 4558 Dic
100 ## - MAIN ENTRY--PERSONAL NAME
Personal name Dickens, Charles
245 14 - TITLE STATEMENT
Title The personal history of David Copperfield
Statement of responsibility, etc. edited by Trevor Blount
260 ## - PUBLICATION, DISTRIBUTION, ETC.
Place of publication, distribution, etc. Middlesex
Name of publisher, distributor, etc. Penguin
Date of publication, distribution, etc. 1966
300 ## - PHYSICAL DESCRIPTION
Extent 956p. : ill.
350 ## - PRICE (NR) (BK AM CF MU VM SE) [OBSOLETE]
Price 0.00
700 ## - ADDED ENTRY--PERSONAL NAME
Personal name Blount, Trevor
995 ## - RECOMMENDATION 995 [LOCAL, UNIMARC FRANCE]
-- 0.00
-- CBU-MAIN LIBRARY (Kitwe)
-- 1
-- 1.75
-- 1
-- AVAILABLE
-- Annex Low-Usage Collection
Holdings
Withdrawn status Lost status Source of classification or shelving scheme Damaged status Not for loan Home library Current library Shelving location Date acquired Total Checkouts Full call number Barcode Date last seen Price effective from Koha item type
          CBU-MAIN LIBRARY, KITWE. CBU-MAIN LIBRARY, KITWE.   11/30/2022   PR 4558 Dic 011289 11/30/2022 11/30/2022 MONOGRAPH